| 000 -LEADER |
| fixed length control field |
01711pam a22003731i 4500 |
| 001 - CONTROL NUMBER |
| control field |
019161672 |
| 003 - CONTROL NUMBER IDENTIFIER |
| control field |
Uk |
| 005 - DATE AND TIME OF LATEST TRANSACTION |
| control field |
20240124151614.0 |
| 006 - FIXED-LENGTH DATA ELEMENTS--ADDITIONAL MATERIAL CHARACTERISTICS |
| fixed length control field |
m || d | |
| 007 - PHYSICAL DESCRIPTION FIXED FIELD--GENERAL INFORMATION |
| fixed length control field |
cr ||||||||||| |
| 008 - FIXED-LENGTH DATA ELEMENTS--GENERAL INFORMATION |
| fixed length control field |
181004s2019 enk o 000|0|eng|d |
| 015 ## - NATIONAL BIBLIOGRAPHY NUMBER |
| National bibliography number |
GBB8N0337 |
| Source |
bnb |
| 020 ## - INTERNATIONAL STANDARD BOOK NUMBER |
| International Standard Book Number |
9781510435650 |
| 037 ## - SOURCE OF ACQUISITION |
| Stock number |
HachetteUK657066 |
| Source of stock number/acquisition |
Ingram Content Group |
| 040 ## - CATALOGING SOURCE |
| Original cataloging agency |
StDuBDS |
| Language of cataloging |
eng |
| Transcribing agency |
StDuBDS |
| Modifying agency |
Uk |
| -- |
KH8 |
| Description conventions |
rda |
| -- |
pn |
| 041 1# - LANGUAGE CODE |
| Language code of text/sound track or separate title |
eng |
| -- |
fre |
| 042 ## - AUTHENTICATION CODE |
| Authentication code |
ukblsr |
| 082 04 - DEWEY DECIMAL CLASSIFICATION NUMBER |
| Classification number |
448.242 HAR |
| Edition number |
23 |
| 100 1# - MAIN ENTRY--PERSONAL NAME |
| Personal name |
Harrington, Karine, |
| Relator term |
author. |
| 245 14 - TITLE STATEMENT |
| Title |
Les choristes : |
| Remainder of title |
film study guide for AS/A-Level French / |
| Statement of responsibility, etc. |
Karine Harrington. |
| 264 #1 - PRODUCTION, PUBLICATION, DISTRIBUTION, MANUFACTURE, AND COPYRIGHT NOTICE |
| Place of production, publication, distribution, manufacture |
London : |
| Name of producer, publisher, distributor, manufacturer |
Hodder Education, |
| Date of production, publication, distribution, manufacture, or copyright notice |
2019. |
| 300 ## - PHYSICAL DESCRIPTION |
| Extent |
96 pages ; |
| Dimensions |
18.8 x 0.8 x 24.4 cm. |
| 336 ## - CONTENT TYPE |
| Content type term |
text |
| Source |
rdacontent |
| 337 ## - MEDIA TYPE |
| Media type term |
computer |
| Source |
rdamedia |
| 338 ## - CARRIER TYPE |
| Carrier type term |
online resource |
| Source |
rdacarrier |
| 490 0# - SERIES STATEMENT |
| Series statement |
Modern languages study guides |
| 520 ## - SUMMARY, ETC. |
| Summary, etc. |
Film analysis made easy. Build your students' confidence in their language abilities and help them develop the skills needed to critique their chosen work: putting it into context, understanding the themes and director's technique, as well as specialist terminology.<br/><br/>Breaking down each scene, character and theme in Les Choristes (The Choir), this accessible guide will enable your students to understand the historical and social context of the film and give them the critical and language skills needed to write a successful essay. |
| 588 ## - SOURCE OF DESCRIPTION NOTE |
| Source of description note |
Description based on CIP data; resource not viewed. |
| 630 00 - SUBJECT ADDED ENTRY--UNIFORM TITLE |
| Uniform title |
Choristes (Motion picture) |
| 650 #0 - SUBJECT ADDED ENTRY--TOPICAL TERM |
| Topical term or geographic name entry element |
French language |
| Form subdivision |
Textbooks for foreign speakers |
| General subdivision |
English. |
| 776 08 - ADDITIONAL PHYSICAL FORM ENTRY |
| Relationship information |
Print version : |
| International Standard Book Number |
9781510435650 |
| 942 ## - ADDED ENTRY ELEMENTS (KOHA) |
| Source of classification or shelving scheme |
|
| Koha item type |
Teaching Resources |